000 00827nam a2200265Ia 4500
005 20220316235529.0
008 121119s2001 sp a gr 000 j spa
020 _a8495150255
041 1 _aspa
100 1 _aAshbe, Jeanne
245 1 0 _aEso no se hace!
_cJeanne Ashbe ; traducción, Anna Coll-Vinent
250 _aPrimera edición
300 _a24 páginas
_bilustraciones
650 1 4 _aLiteratura infantil francesa
_2LEMB
650 1 4 _aCuentos infantiles franceses
_2LEMB
650 1 4 _aBebes en la literatura
_2LEMB
700 1 _aColl-Vinent, Ana
_etraductor
_938471
942 _2loc
_cBKINF
264 _aBarcelona
_bCorimbo
_c2001
336 _atexto
_btxt
_2rdacontent
337 _asin mediación
_bn
_2rdamedia
338 _avolumen
_bnc
_2rdacarrier
040 _aCO-BoRNBP
_bspa
_erda
_cCO-BoRNBP
084 _aA ASH1
999 _c1248
_d1248